000 00846nam a22002537a 4500
001 61235
003 UA-OsUOA
005 20200607163912.0
007 ta
008 20090623b un ||||| |||| 00| 0 ukr d
020 _a978-966-346-452-7
040 _aUA-OsUOA
_bukr
_cUA-OsUOA
_dUA-OsUOA
041 _aukr
080 _a811.161.2(075.8)
090 _a811.161.2(075.8)
_bВ29
100 _aВенжинович Н. Ф.
245 _aСучасна українська літературна мова
_bНавчальний посібник
260 _aК.
_bЗнання
_c2008
300 _a304 с.
650 7 _a8 Мовознавство. Художня література. Літературознавство
_2UDC
942 _cBK
_2udc
955 _a2
999 _c347127
_d347127